Coaches on The Voice Quiz Stats

 Plays Quiz Updated Mar 6, 2020

Support Sporcle.
Go Orange.
Score 0/16 Timer 04:00
1 Play Today
Judges % Correct
Adam Levine
89.5%
Blake Shelton
85.9%
Christina Aguilera
83.2%
Cee Lo Green
82.5%
Gwen Stefani
73%
Miley Cyrus
70.1%
Usher
69.8%
John Legend
67.8%
Judges % Correct
Shakira
67.5%
Kelly Clarkson
65.4%
Alicia Keys
61.7%
Nick Jonas
61%
Pharrell Williams
59.4%
Jennifer Hudson
46.3%
Bebe Rexha
15.5%
Kelsea Ballerini
13.7%

You're not logged in!

Compare scores with friends on all Sporcle quizzes.
OR
Log In
Forgot?

From the Vault

Fairly Useless Knowledge

by Mattomic

Don't ask why you know these things, just be glad it finally came in handy.
Remove Ads.
Support Sporcle.
Get the best of Sporcle when you Go Orange. This ad-free experience offers more features, more stats, and more fun while also helping to support Sporcle. Thank you for becoming a member.

Show Comments

Extras

Top Quizzes Today


Score Distribution

Your Account Isn't Verified!

In order to create a playlist on Sporcle, you need to verify the email address you used during registration. Go to your Sporcle Settings to finish the process.

Report this User

Report this user for behavior that violates our Community Guidelines.

Details: